HARDWARE SECURITY: DESIGN, THREATS AND SAFEGUARDS. (Record no. 216952)

MARC details
000 -LEADER
fixed length control field 00610nam a22001817a 4500
008 - FIXED-LENGTH DATA ELEMENTS--GENERAL INFORMATION
fixed length control field 260414b |||||||| |||| 00| 0 eng d
020 ## - INTERNATIONAL STANDARD BOOK NUMBER
International Standard Book Number 9781439895832
050 ## - LIBRARY OF CONGRESS CALL NUMBER
Classification number QA 76.9 .A25 M25 2015
100 ## - MAIN ENTRY--PERSONAL NAME
Personal name MUKHOPADHYAY, DEBDEEP
245 ## - TITLE STATEMENT
Title HARDWARE SECURITY: DESIGN, THREATS AND SAFEGUARDS.
260 ## - PUBLICATION, DISTRIBUTION, ETC.
Place of publication, distribution, etc. BOCA RATON,
Name of publisher, distributor, etc. CRC PRESS TAYLOR & FRANCIS GROUP
Date of publication, distribution, etc. 2015
300 ## - PHYSICAL DESCRIPTION
Extent XXXIII,556 P, ILL
500 ## - GENERAL NOTE
General note INCLUDES BIBLIOGRAPHY AND INDEX
650 ## - SUBJECT ADDED ENTRY
Topical term or geographic name entry element 1. COMPUTER SECURITY 2. COMPUTER ENGINEERING -SECURITY MEASURES.
700 ## - ADDED ENTRY--PERSONAL NAME
Personal name CHAKRABORTY, RAJAT SUBHRA
942 ## - ADDED ENTRY ELEMENTS (KOHA)
Source of classification or shelving scheme Library of Congress Classification
Koha item type Long Loan Book
Holdings
Withdrawn status Lost status Source of classification or shelving scheme Damaged status Not for loan Collection Home library Current library Shelving location Date acquired Inventory number Total checkouts Full call number Barcode Date last seen Copy number Price effective from Koha item type
    Library of Congress Classification     Science & Technology Kisii University Library Kisii University Library On Display 04/14/2026 112813   QA 76.9 .A25 M85 2015 a001532 04/14/2026 1 04/14/2026 Long Loan Book
    Library of Congress Classification     Science & Technology Kisii University Library Kisii University Library On Display 04/14/2026 112814   QA 76.9 .A25 M85 2015 a001526 04/14/2026 2 04/14/2026 Long Loan Book
    Library of Congress Classification     Science & Technology Kisii University Library Kisii University Library On Display 04/14/2026 112815   QA 76.9 .A25 M85 2015 a001534 04/14/2026 3 04/14/2026 Long Loan Book
    Library of Congress Classification     Science & Technology Kisii University Library Kisii University Library On Display 04/14/2026 112816   QA 76.9 .A25 M85 2015 a001523 04/14/2026 4 04/14/2026 Long Loan Book